00818nam a22002417a 450000500170000001000130001702000100003003500130004003700160005304000120006908200190008110000210010024500650012126000560018627000510024230000330029350000200032665000250034665000200037194200280039199900190041995201380043820170124105932.0 aA-901635 c00.00 aA-901635 bCen Lib/Ret aDPLbEN a330.02462bJAI aJain, S.K.98421 aApplied economics for engineers and managers /cby S.K. Jain aNew DelhibVikash Publication House Pvt. Ltd.c1997 a576 Masjid Road, Jungpura bNew Delhie110014 axiii;468p. :bill.c22cm(Hb) aIncludes index. aSocial Science98422 aEconomics98423 2ddccENh330.02462mJAI c123895d123895 00104070aLbLd2015-06-12eCen Lib/Retg0.00l1o330.02462 JAIpA-901635r2017-08-17 00:00:00s2017-08-11t1v0.00w2016-09-15yEN